| 000 | 02419cam a22003738i 4500 | ||
|---|---|---|---|
| 001 | 21879686 | ||
| 003 | NUST | ||
| 005 | 20220825114741.0 | ||
| 006 | m |o d | | ||
| 007 | cr ||||||||||| | ||
| 008 | 210126s2021 nyu o 000 1 eng | ||
| 010 | _a 2021002705 | ||
| 020 |
_a9780593201251 _q(ebook) |
||
| 020 |
_z9780593201237 _q(hardcover) |
||
| 038 | _aAzhar | ||
| 040 |
_aDLC _beng _cDLC _erda |
||
| 042 | _apcc | ||
| 050 | 0 | 0 | _aPS3608.E543 |
| 082 | 0 | 0 |
_a813.6 _bHEN |
| 100 | 1 |
_aHendrix, Grady, _eauthor. _995339 |
|
| 245 | 1 | 4 |
_aThe final girl support group _cGrady Hendrix. |
| 260 |
_aNew York : _bBerkley, _c2021 |
||
| 263 | _a2107 | ||
| 300 | _a339p | ||
| 336 |
_atext _btxt _2rdacontent |
||
| 337 |
_acomputer _bc _2rdamedia |
||
| 338 |
_aonline resource _bcr _2rdacarrier |
||
| 520 |
_a"A fast-paced, thrilling horror novel that follows a group of heroines to die for, from the brilliant New York Times bestselling author of The Southern Book Club's Guide to Slaying Vampires. In horror movies, the final girl is the one who's left standing when the credits roll. The one who fought back, defeated the killer, and avenged her friends. The one who emerges bloodied but victorious, a victim and a hero. But after the sirens fade and the audience moves on, what happens to her? Lynnette Tarkington is a real-life final girl who survived a massacre twenty-two years ago, and it has defined every day of her life since. And she's not alone. For more than a decade she's been meeting with five other actual final girls and their therapist in a support group for those who survived the unthinkable, putting their lives back together, piece by piece. That is until one of the women misses a meeting and Lynnette's worst fears are realized-someone knows about the group and is determined to take their lives apart again. But the thing about these final girls is that they have each other now, and no matter how bad the odds, how dark the night, how sharp the knife . . . they will never, ever give up"-- _cProvided by publisher. |
||
| 588 | _aDescription based on print version record and CIP data provided by publisher; resource not viewed. | ||
| 776 | 0 | 8 |
_iPrint version: _aHendrix, Grady. _tThe final girl support group _dNew York : Berkley, [2021] _z9780593201237 _w(DLC) 2021002704 |
| 906 |
_a7 _bcbc _corignew _d1 _eecip _f20 _gy-gencatlg |
||
| 942 |
_2ddc _cLC |
||
| 999 |
_c590668 _d590668 |
||